Fortuny: ensayo biográfico-crítico
Saved in:
| Hovedforfatter: | |
|---|---|
| Format: | Bog |
| Sprog: | spansk |
| Udgivet: |
Barcelona
Maucci
1947
|
| Udgivelse: | 1a. ed |
| Serier: | Biblioteca Artes y Letras
|
| Fag: | |
| Tags: |
Tilføj Tag
Ingen Tags, Vær først til at tagge denne postø!
|
MARC
| LEADER | 00000cam a2200000 a 4500 | ||
|---|---|---|---|
| 001 | UCE2648 | ||
| 003 | CL-VaPUC | ||
| 008 | 140717e19470000sp |||||||||||||||||spa|d | ||
| 082 | 0 | 4 | |a 759.6 |b YXA |2 21 |
| 100 | 0 | |a Yxart, José |e author |9 575176 | |
| 245 | 1 | 0 | |a Fortuny: ensayo biográfico-crítico |
| 250 | |a 1a. ed | ||
| 300 | |a 288 p | ||
| 942 | |c BK | ||
| 945 | |d 20140717 11:12:00 |a dcastane | ||
| 260 | |a Barcelona |b Maucci |c 1947 | ||
| 600 | 0 | 7 | |a FORTUNY |2 CL-VaPUC |9 504930 |
| 650 | 0 | |a Biografías |9 255210 | |
| 650 | 0 | |a Pintura española |9 315217 | |
| 650 | 0 | |a Pintores españoles |9 315216 | |
| 583 | |a last modification |c 20140717 11:12:00 |k Rodrigo Vera | ||
| 490 | 0 | |a Biblioteca Artes y Letras | |
| 999 | |c 356229 |d 356227 | ||
| 952 | |0 0 |1 0 |3 erb |4 0 |6 759_600000000000000_YXA_1947 |7 0 |8 P |9 463429 |a BIBEDU |b BIBEDU |c BIBEDU_PB |i 5006600 |o 759.6 YXA 1947 |p 5006600 |r 2024-01-25 |w 2019-11-23 |y BK |z Catalogado en:20140717 |k LIT | ||